000 00701nam a2200217 a 4500
001 48791
003 BD-RjUL
005 20211209054603.0
008 160816s1968 b ||||| |||| 00| 0 eng d
020 _c :Tk.2.00
035 _a(BD-RjUL)48910
040 _aBD-RjUL
_bben
_cBD-RjUL
041 _aben
082 _223
_a891.441
_bSAA 1968
100 1 _aসালাহউদদীন, কে.এম.
_9147135
245 1 0 _aএদেশ এমাটি /
_cকে.এম.সালাহউদদীন.
300 _a৬৪ পৃ ;
_c২২ সেমি.
650 _aবাংলা সাহিত্য
_vকবিতা
_9118883
650 _aBangali Literature
_vPoetry
_9145103
942 _2ddc
_cBK
999 _c48791
_d48791